| 000 | 00000nam##2200000za#4500 |
| 001 | 9.665021 |
| 003 | CaOODSP |
| 005 | 20200330093304 |
| 007 | ta |
| 008 | 150407|2003||||xxc||||| f|0| 0 eng|d |
| 020 | |a0-662-67681-5 |
| 040 | |aCaOODSP|beng |
| 041 | |aeng |
| 041 | |afre |
| 043 | |an-cn--- |
| 086 | 1 |aJS62-110/2003 |
| 110 | 1 |aCanada.|bSolicitor General Canada. |bRoyal Canadian Mounted Police. |
| 245 | 10|aTrafficking in human beings and organized crime : |ba literature review / |cby Christine Bruckert [and] Colette Parent. |
| 260 | |aOttawa - Ontario : |bSolicitor General Canada. |c2003. |
| 300 | |aEnglish text, 35p. : |breferences ; |c28 cm. |
| 563 | |aSoftcover |
| 690 | 07|aOrganized crime|2gcpds |
| 720 | 1 |aBruckert, Christine |
| 720 | 1 |aParent, Colette |
| 776 | 0#|tLa «traite» des êtres humains et le crime organisé : |w(CaOODSP)9.631148 |
| 776 | 0#|tTrafficking in human beings and organized crime : |w(CaOODSP)9.686682 |
| 792 | |tLa «traite» des êtres humains et le crime organisé : |efre|w(CaOODSP)9.665022 |